000 00305nam a22001337a 4500
008 170222b xxu||||| |||| 00| 0 eng d
020 _a9780131184206
041 _aeng
080 _22ND
_a616.31
100 _a5
101 _aSHS
245 _aSUCCESS! IN DENTAL ASSISTING
_cGIAQUINTO, C
942 _2udc
_cBK
999 _c6042
_d6042